Communication in history : technology, culture, society

Αποθηκεύτηκε σε:
Λεπτομέρειες βιβλιογραφικής εγγραφής
Άλλοι συγγραφείς: Crowley, D. J. (David J.) 1945- (Επιμελητής έκδοσης), Heyer, Paul 1946- (Επιμελητής έκδοσης)
Μορφή: Βιβλίο
Γλώσσα:English
Δημοσίευση: Boston : Allyn and Bacon, 2003
Έκδοση:4th ed.
Θέματα:
Ετικέτες: Προσθήκη ετικέτας
Δεν υπάρχουν, Καταχωρήστε ετικέτα πρώτοι!

MARC

LEADER 00000nam a2200000 i 4500
001 1/77290
008 050526s2003 eng d
020 |a 0-321-08805-0 
035 |l 10078202 
040 |a GR-MY-UA  |b gre  |e aacr 
041 0 |a eng 
082 0 |a 302.209  |2 (22) 
245 1 0 |a Communication in history :  |b technology, culture, society /  |c David Crowley, Paul Heyer 
250 |a 4th ed. 
260 |a Boston :   |b Allyn and Bacon,   |c 2003 
300 |a xvi, 331 σ.;  |b εικ.;  |c 24 εκ. 
504 |a Περιέχει βιβλιογραφικές παραπομπές (σ. 317-319) και ευρετήριο 
650 0 0 |a Communication  |x History. 
700 1 |a Crowley, D. J.  |q (David J.)  |d 1945-  |4 edt 
700 1 |a Heyer, Paul  |d 1946-  |4 edt 
852 |a INST  |b LESVOS  |e 20050526  |h 302.209 COM  |p 005100027635  |q 005100027635  |t BK  |y 0 
852 |a INST  |b LESVOS  |e 20050901  |h 302.209 COM  |p 005100031896  |q 005100031896  |t BK  |y 0 
852 |a INST  |b LESVOS  |e 20050901  |h 302.209 COM  |p 005100031897  |q 005100031897  |t BK  |y 0 
852 |a INST  |b LESVOS  |e 20050901  |h 302.209 COM  |p 005100031898  |q 005100031898  |t BK  |y 0 
901 |a BIBL1-2005-2 
909 |a Λ  |b 113473 
909 |a Λ  |b 113472 
909 |a Λ  |b 113471 
909 |a Λ  |b 113470 
920 |a ΔΙΕΥΡΥΝΣΗ  |b ΕΠΕΑΕΚ-ΠΤΕ  |y ΛΕΣΒΟΣ  |z 2004-09 
970 |a ΜΑΡΙΝΑΤΟΥ  |b ΜΥΡΣΙΝΗ  |z 2005/05/26